000 01346nam a2200217Ii 4500
003 JO-AjNU
008 230605s9999||||xx |||||||||||||| ||und||
017 _a2010/5385
040 _aJO-AjNU
_bara
_erda
_cJO-AjNU
041 _aara
050 1 4 _aHD4904.7 .M866 2010
100 3 _a بحوث وأوراق عمل المؤتمر العربي الثاني، "تنمية الموارد البشرية وتعزيز الاقتصاد الوطني"، بالتعاون مع معهد الإدارة العامة بسلطنة عمان,
_eauthor
_951959
245 0 0 _aأثر الموارد البشرية في تعزيز الاقتصاد الوطني : بحوث وأوراق عمل المؤتمر العربي الثاني، "تنمية الموارد البشرية وتعزيز الاقتصاد الوطني"، بالتعاون مع معهد الإدارة العامة بسلطنة عمان
264 3 1 _aالقاهرة: المنظمة العربية للتنمية الادارية، 2010
300 _a619ص
336 _atext
_btxt
_2rdacontent
337 _aunmediated
_bn
_2rdamedia
338 _avolume
_bnc
_2rdacarrier
490 0 _aمطبوعات المنظمة العربية للتنمية الإدارية. أعمال المؤتمرات 
650 4 _aرأس المال البشري - الدول العربية - المؤتمرات
_951960
999 _aA22988
_c26556
_d26556